Loading...
| Fine Arts - Classical Music | 6 | 16.67 | 100% | 50% | 17% |
| Fine Arts - Other | 4 | 17.50 | 100% | 50% | 25% |
| Fine Arts - Painting and Sculpture | 5 | 20.00 | 100% | 80% | 20% |
| Geography | 1 | 10.00 | 100% | 0% | 0% |
| History - American | 5 | 18.00 | 100% | 40% | 40% |
| History - European | 2 | 10.00 | 100% | 0% | 0% |
| History - Other | 4 | 17.50 | 75% | 75% | 25% |
| History - World | 5 | 14.00 | 60% | 80% | 0% |
| Literature - American | 5 | 28.00 | 100% | 100% | 80% |
| Literature - British | 3 | 16.67 | 100% | 67% | 0% |
| Literature - European | 5 | 22.00 | 100% | 100% | 20% |
| Literature - World | 5 | 20.00 | 100% | 80% | 20% |
| Mythology | 6 | 18.33 | 100% | 67% | 17% |
| Other Academic | 1 | 30.00 | 100% | 100% | 100% |
| Philosophy | 4 | 17.50 | 100% | 75% | 0% |
| Pop Culture | 2 | 20.00 | 100% | 50% | 50% |
| Religion | 5 | 12.00 | 80% | 40% | 0% |
| Science - Biology | 6 | 15.00 | 100% | 33% | 17% |
| Science - Chemistry | 7 | 21.43 | 100% | 86% | 29% |
| Science - Other | 4 | 12.50 | 100% | 25% | 0% |
| Science - Physics | 8 | 17.50 | 100% | 63% | 13% |
| Social Science | 5 | 16.00 | 100% | 40% | 20% |